Enfermedades mas frecuentes en la poblacion de Bayunca producidas por los coliformes totales, fecales y otros elementos debidos a los habitos de almacenamiento y consumo del agua / (Registro nro. 4376)

Detalles MARC
000 -LEADER
fixed length control field 01674nam a2200325 4500
003 - CONTROL NUMBER IDENTIFIER
control field CO-CtgCURN
005 - DATE AND TIME OF LATEST TRANSACTION
control field 20250329165440.0
008 - FIXED-LENGTH DATA ELEMENTS--GENERAL INFORMATION
fixed length control field 160531s1999 000 0 eng d
040 ## - CATALOGING SOURCE
Original cataloging agency CO-CtgCURN
Language of cataloging spa
Transcribing agency coctgcurn
082 0# - DEWEY DECIMAL CLASSIFICATION NUMBER
Classification number INQ 1999
Item number D542
100 1# - MAIN ENTRY--PERSONAL NAME
Personal name Díaz Montes, Alcira.
245 10 - TITLE STATEMENT
Title Enfermedades mas frecuentes en la poblacion de Bayunca producidas por los coliformes totales, fecales y otros elementos debidos a los habitos de almacenamiento y consumo del agua /
Statement of responsibility, etc. Alcira Díaz Montes, Erika García Suarez, Melfi Jiménez Torres ; directores, Luis A. Mosquera, Jairo E. Rincon Ospino.
260 ## - PUBLICATION, DISTRIBUTION, ETC.
Place of publication, distribution, etc. Cartagena de Indias :
Name of publisher, distributor, etc. Corporación Universitaria Rafael Nuñez,
Date of publication, distribution, etc. 1999.
300 ## - PHYSICAL DESCRIPTION
Extent 117 h.
336 ## - CONTENT TYPE
Source rdacontent
337 ## - MEDIA TYPE
Source rdamedia
Media type term sin mediacion
Media type code n
338 ## - CARRIER TYPE
Source rdacarrier
Carrier type term volumen
Carrier type code nc
500 ## - GENERAL NOTE
General note Incluye anexos.
502 ## - DISSERTATION NOTE
Dissertation note Trabajo de grado (Instrumentador Quirurgico). Corporación Universitaria Rafael Nuñez. Facultad de Ciencias de la Salud. Programa de Instrumentación Quirúrgica, 1999.
504 ## - BIBLIOGRAPHY, ETC. NOTE
Bibliography, etc. note Incluye bibliografia.
590 ## - LOCAL NOTE (RLIN)
Local note Instrumentación Quirúrgica
650 #0 - SUBJECT ADDED ENTRY--TOPICAL TERM
Topical term or geographic name entry element Instrumentación Quirúrgica
Form subdivision Tesis y disertaciones academicas.
700 1# - ADDED ENTRY--PERSONAL NAME
Personal name García Suarez, Erika.
700 1# - ADDED ENTRY--PERSONAL NAME
Personal name Jiménez Torres, Melfi.
700 1# - ADDED ENTRY--PERSONAL NAME
Personal name Mosquera, Luis A.,
Relator term director.
700 1# - ADDED ENTRY--PERSONAL NAME
Personal name Rincon Ospino, Jairo E.,
Relator term director.
856 7# - ELECTRONIC LOCATION AND ACCESS
Uniform Resource Identifier <a href="https://unicurn.sharepoint.com/:b:/s/biblioteca/EZn2jd1T0CtEtgc4bnYWOmUBnlpDWwY1nA1yoo63vwiWKw?e=E3c1yu">https://unicurn.sharepoint.com/:b:/s/biblioteca/EZn2jd1T0CtEtgc4bnYWOmUBnlpDWwY1nA1yoo63vwiWKw?e=E3c1yu</a>
Public note Click aqui para ver el recurso en texto completo
942 ## - ADDED ENTRY ELEMENTS (KOHA)
Classification part INQ 1999
Item part D542
Source of classification or shelving scheme Dewey Decimal Classification
Koha item type Trabajos de grado
Existencias
Withdrawn status Lost status Damaged status Not for loan Collection Home library Current library Shelving location Date acquired Cost, normal purchase price Total checkouts Full call number Barcode Date last seen Price effective from Koha item type
        Trabajos de grado Miguel Henríquez Emiliani Miguel Henríquez Emiliani Trabajo de grado 09/23/2018 35000.00   INQ 1999 D542 019548 03/29/2025 03/29/2025 Trabajos de grado